Формирование и свойства центров люминесценции в щелочно-галоидных кристаллах

Dettagli Bibliografici
Autore principale: Кочубей В. И. Вячеслав Иванович
Riassunto:Рассмотрены основные закономерности формирования структуры и оптических характеристик примесных центров люминесценции в кристаллофосфорах на основе щелочно-галоидных кристаллов. Ввиду простоты структуры щелочно-галоидных кристаллов они являются удобным модельным объектом для демонстрации указанных закономерностей, а также для применения экспериментальных и теоретических методов изучения структуры примесных дефектов и формирования спектров поглощения и излучения света такими дефектами. Полученные закономерности легко распространяются и на другие кристаллофосфоры. Описано применение методов EXAFS- и XEOL-спектроскопии для исследования локальной структуры примесных дефектов в кристаллофосфорах. Данные методы позволяют получать структурную информацию, недоступную для других методов исследования. Для научных работников, преподавателей, аспирантов и студентов, специализирующихся в области физики твердого тела, радиационной физики, физики люминофоров.
Lingua:russo
Pubblicazione: Москва, Физматлит, 2006
Soggetti:
Natura: MixedMaterials Libro
KOHA link:https://koha.lib.tpu.ru/cgi-bin/koha/opac-detail.pl?biblionumber=113108

MARC

LEADER 00000nam0a2200000 4500
001 113108
005 20231101215113.0
010 |a 592210702X 
035 |a (RuTPU)RU\TPU\book\122342 
090 |a 113108 
100 |a 20070406d2006 k y0rusy50 ca 
101 0 |a rus 
102 |a RU 
105 |a a z 001zy 
200 1 |a Формирование и свойства центров люминесценции в щелочно-галоидных кристаллах  |f В. И. Кочубей 
210 |a Москва  |c Физматлит  |d 2006 
215 |a 192 с.  |c ил. 
320 |a Библиогр.: с. 172-188. 
330 |a Рассмотрены основные закономерности формирования структуры и оптических характеристик примесных центров люминесценции в кристаллофосфорах на основе щелочно-галоидных кристаллов. Ввиду простоты структуры щелочно-галоидных кристаллов они являются удобным модельным объектом для демонстрации указанных закономерностей, а также для применения экспериментальных и теоретических методов изучения структуры примесных дефектов и формирования спектров поглощения и излучения света такими дефектами. Полученные закономерности легко распространяются и на другие кристаллофосфоры. Описано применение методов EXAFS- и XEOL-спектроскопии для исследования локальной структуры примесных дефектов в кристаллофосфорах. Данные методы позволяют получать структурную информацию, недоступную для других методов исследования. Для научных работников, преподавателей, аспирантов и студентов, специализирующихся в области физики твердого тела, радиационной физики, физики люминофоров. 
606 1 |a Щелочно-галоидные кристаллы  |x Оптические свойства  |2 stltpush  |3 (RuTPU)RU\TPU\subj\80365  |9 88090 
610 1 |a физика 
610 1 |a твердые тела 
610 1 |a люминесценция 
610 1 |a центры 
610 1 |a формирование 
610 1 |a примеси 
610 1 |a никель 
610 1 |a ртутеподобные ионы 
610 1 |a дефекты 
610 1 |a спектроскопические методы 
610 1 |a рентгеновская микроскопия 
675 |a 548.312  |v 3 
700 1 |a Кочубей  |b В. И.  |g Вячеслав Иванович 
801 1 |a RU  |b 63413507  |c 20070406  |g PSBO 
801 2 |a RU  |b 63413507  |c 20200928  |g PSBO 
942 |c BK